000
00299nam a22001337a 4500
008
170524b xxu||||| |||| 00| 0 eng d
020
_a
0471813915
041
_a
eng
080
_a
62
100
_a
26
101
_a
IM
245
_a
MICROPROCESSORS AND MICROCOMPUTERS
_c
SOUCEK, B
942
_2
udc
_c
BK
999
_c
14027
_d
14027